000 00889nam a2200241Ia 4500
003 OSt
005 20220923221656.0
006 a|||||r|||| 00| 0
007 ta
008 220922b |||||||| |||| 00| 0 hin d
024 _a199,263
037 _cTextual
040 _aARTS
_cARTS
_bhin
041 _2hin
_ahin
082 _aP4471, 152K3
100 _aअग्रवाल, रामेश्वर प्रसाद
245 0 _aबुन्देली का भाषा शास्त्रीय अध्ययन
246 _aBundelī kā bhāṣhā shāstrīya adhyayana
260 _aलखनळ
_b विश्वविद्यालय हिन्दी प्रका0
_c1963
300 _a138पृ.
_ccm.
942 _hP4471, 152K3
_cTEXL
_2CC
999 _c351038
_d351038